| 000 | 01048nam a2200277 a 4500 | ||
|---|---|---|---|
| 005 | 20080820131943.0 | ||
| 008 | 060418s2006 caua |s 001 0 eng d | ||
| 010 | _aENG-91156 | ||
| 020 |
_a9780070264717 _c395.00 |
||
| 020 | _a0070264716 | ||
| 035 | _aEN-74689 | ||
| 037 | _bDBAD / PUB | ||
| 040 |
_adpl _bEnglish |
||
| 082 | _a332.6 | ||
| 100 | _aTempleton, Lauren C. | ||
| 245 |
_aInvesting the templeton way: _cby Lauren C. Templeton [and] Scott Phillips _bthe market-beating strategies of value investing's legendary bargain hunter / |
||
| 260 |
_aNew Delhi _bTata McGraw-Hill Publishing _c2008 |
||
| 270 |
_a7 West Patel Nagar, _bNew Delhi _e110008 |
||
| 300 |
_axi, 276p. _c23cm (pbk) |
||
| 500 | _aIncludes index. | ||
| 650 | _aInvestments | ||
| 700 | _aPhillips, Scott | ||
| 942 |
_2ddc _cEN _mTEM _h332.6 |
||
| 999 |
_c16282 _d16282 |
||